000 01020nam a22003377a 4500
001 BR7314036
003 BR-BrBNA
005 20230928084251.0
007 ta
008 230509b bl.||||| |||| 00| 0 por d
040 _aBR-BrBNA
_bpor
_cBiblioteca Nacional de Agricultura
041 _a(Por)
072 _aE15; F00
_b0120
_b/G514
090 _ 0120 BR7314036
100 1 _aNoskoski, C.
110 1 _aAssociacao Sulina de Credito e Assistencia Rural, Porto Alegre, RS (Brasil)
245 1 _aResultado economico de um hectare de milho; sistema com recuperacao e sistema tradicional, Estrela - Rio Grande do Sul 1968/69 [Brasil]
260 3 _aPorto Alegre, RS (Brasil):
_c1971.
300 _a39 p.
500 _a9 tables; 8 ref.
650 _aMILHO
650 _aPRATICA CULTURAL
650 _aINSUMO
650 _aMAO-DE-OBRA
650 _aCUSTO DE PRODUCAO
650 _aPRODUTIVIDADE
650 _aESTRELA
650 _aRIO GRANDE DO SUL
909 _a202309
_bLucia
_c55
_dLucia Elande
942 _cBK
999 _c17811
_d17811